Hot Table Paninis - Statistics

General Stats
  • This quiz has been taken 7 times
  • The average score is 12 of 17
Answer Stats
Picture Answer % Correct
Chicken Pesto
100%
BBQ Pulled Pork
83%
Buffalo Chicken
83%
Cheeseburg
83%
Cheese Steak
83%
Classic Tuna
83%
Cubano
83%
Pesto Veggie
83%
Spicy BBQ Pulled Pork
83%
Southwest Chicken
67%
Turkey Club
67%
Black & Blue
50%
Caprese
50%
Chicken Bacon Ranch
50%
Italian Cold Cut
50%
Santa Fe Veggie
50%
Turkey Honey Dijon
50%
No matching quizzes found
Score Distribution
Percent of People with Each Score
Percentile by Number Answered
Your Score History
You have not taken this quiz